000 03764nam a2200409 a 4500
001 dia_500
003 CHAP
005 20250821133517.0
007 ta
008 220117s1998 mx ad frm 001 0 spa d
010 _a171052
040 _amxchpua
_cCHAP
041 0 _aspa
_beng
090 _aTesis
_bF56
_c1998
100 1 _aFlores Pérez, Guadalupe
240 1 0 _aSpores production of Beauveria bassiana in semi-solid culture.
_lEspañol
245 1 0 _aEstudio cinético esporulación de Beauveria bassiana en maíz molido utilizando un sistema de cultivo semi sólido /
264 _aChapingo, México :
_bEl autor,
_c1998
300 _aix, 79 hojas :
_bilustraciones, tablas, gráficas
336 _2rdacontent
_atexto
_btxt
337 _2rdamedia
_ano mediado
_bn
338 _2rdacarrier
_avolumen
_bnc
502 _aTesis
_b(Ingeniero Agroindustrial) --
_cUACh. Departamento de Ingeniería Agroindustrial,
_d1998
504 _aBibliografía: hojas 64-79
520 3 _aBeauveria bassiana es un hongo entomopatógeno que se ha utilizado para el control de un amplio espectro de insectos plaga. La propagación masiva de este hongo se realiza actualmente en sistemas sólidos de fermentación a base de cereales, principalmente arroz, y la propagación en cultivo semi-sólido es vista como una alternativa de producción. Se aplicó un método de cultivo semi-sólido (bajo condiciones controladas de temperatura 28C y pH 5.5), para evaluar el efecto de tres concentraciones de sustrato(5%, 3% y 1%) y tres relaciones de bagazo:agua (1:5, 1:3 y 1:1), para conocer el comportamiento de la producción de esporas y del rendimiento del hongo Beauveria bassiana. Se evaluaron 9 tratamientos combinando concentración de sustrato y agua, las concentraciones de sustrato (maiz molido) y agua que presentaron mejor respuesta en parámetros de producción y rendimiento fueron 5% con 1:5; 3% con 1:5 y 5% con 1:3 con resultados similares (4.415X10°,3.47X10' y 4.41X10° esporas totales). El efecto de la concentración de sustrato se observó en los tratamientos 5%, 3% y 5%, los cuales fucron los mejores. El efecto de la concentración de agua se observ6 en los tratamientos 1:5 y 1:3, que resultaron ser los mejores.
520 3 _aBeauveria bassiana is an entomopathogen fungus that has been used for controling a wide spectre of insects. At present the masive propagation of this fungus carries out in solid sistems of fermentation based on cereals, principally rice, and the propagation in semi-solid culture is shown as an alternative of production. A method of semi-solid culture was applied (under controlled conditions of temperature 289℃ and pHl 5.5), in order to evaluate the effect of three concentrations of sustrate (5%, 3% and 1%), and three relationships of trash: water (1: 5, 1: 3 and 1: 1), in order to know the behavior of the production of spores and the yield of the fungus Beauveria bassiana. Nine treatments were evaluated to combine sustrate cincentration and water, the concentrations of sustrate (milled com) and humidity that presented a better answer in parameters of production and yield were 5%, 1:5; 3%, 1:5 y 5%, 1:3 with similar results(4.415X10',3.47X10² and 4.41X10² total spores). The effect of the concentration of sustrate was shown in the treatments 5% y 3% which were of the best.
650 1 3 _aBeauveria bassiana
_2atg
650 1 3 _aMaíz
_2atg
650 1 3 _aCorn
_2atg
700 1 _aGómez Cruz, Adalberto
_edirector
700 1 _aCorona Sáez, Tomás María
_easesor
700 1 _aMartínez Romero, Salvador
_easesor
901 _aTESIS F56 1998
902 _aM
905 _a0000001998 mx A 0000000000spa00
942 _cTESIS
_2Clasificación Universidad Autónoma Chapingo
999 _c171052
_d171052